Схематическая гео-ботаническая карта Сегежа-Ондского района. (Запись № 13119269)

Подробности
000 -МАРКЕР
контрольное поле 01529nem0a2200277 4500
001 - ИДЕНТИФИКАТОР ЗАПИСИ
контрольное поле RU\NLR\BIBL_A\012779696
005 - ИДЕНТИФИКАТОР ВЕРСИИ
контрольное поле 20250624153921.0
035 ## - ДРУГИЕ СИСТЕМНЫЕ НОМЕРА
Идентификатор записи (NLR Aleph) 012779696
100 ## - ДАННЫЕ ОБЩЕЙ ОБРАБОТКИ
Данные общей обработки 20220505d1925 |||y0rusy50 ca
101 0# - ЯЗЫК РЕСУРСА
Язык текста, звукозаписи и т.д. русский
102 ## - СТРАНА ПУБЛИКАЦИИ ИЛИ ПРОИЗВОДСТВА
Страна публикации Российская Федерация
120 ## - ПОЛЕ КОДИРОВАННЫХ ДАННЫХ: КАРТОГРАФИЧЕСКИЕ МАТЕРИАЛЫ - ОБЩИЕ ХАРАКТЕРИСТИКИ
Кодированные данные о картографическом материале (общие) byy xx||
123 1# - ПОЛЕ КОДИРОВАННЫХ ДАННЫХ: КАРТОГРАФИЧЕСКИЕ МАТЕРИАЛЫ - МАСШТАБ И КООРДИНАТЫ
Тип масштаба а
Постоянное отношение линейного горизонтального масштаба 80000
200 1# - ЗАГЛАВИЕ И СВЕДЕНИЯ ОБ ОТВЕТСТВЕННОСТИ
Основное заглавие Схематическая гео-ботаническая карта Сегежа-Ондского района.
Общее обозначение материала Карты
Первые сведения об ответственности Сост. исслед.. партией под рук. К.В. Маляревского в 1925 г
Последующие сведения об ответственности Топогр. основа по маршрутной съемке лесоустроительному плану той-же партии.
206 ## - ОБЛАСТЬ СПЕЦИФИЧЕСКИХ СВЕДЕНИЙ: КАРТОГРАФИЧЕСКИЕ МАТЕРИАЛЫ - МАТЕМАТИЧЕСКИЕ ДАННЫЕ
Сведения о математических данных [ок. 1:80 000, 800 м в 1 см], Граф. м-б в км
210 ## - ПУБЛИКАЦИЯ, РАСПРОСТРАНЕНИЕ И ДР.
Место издания, распространения и т.д. [Ленинград]
Имя издателя, распространителя и т. д. Чиро М.Ж.Д.
Дата издания, распространения и т.д. [1925?]
215 ## - ФИЗИЧЕСКАЯ ХАРАКТЕРИСТИКА
Специфическое обозначение материала и объем 2 к. (1 л.)
Другие сведения о физической характеристике цв.
Размеры 82х67 см
300 ## - ОБЩИЕ ПРИМЕЧАНИЯ
Текст примечания На л. также: Схематическая гео-ботаническая карта Шурецко Сорокской лесной дачи Кемского уезда А.К.С.С.Р. - 1:80 000
509 01 - ЗАГОЛОВОК -СТРУКТУРИРОВАННОЕ ГЕОГРАФИЧЕСКОЕ ИЛИ ТЕМАТИЧЕСКОЕ НАИМЕНОВАНИЕ
Графика поля Кириллица
Географическое / тематическое наименование – начальный элемент ввода Сегежа-Ондский
Идентифицирующий признак – географическая принадлежность Карелия
Географический термин район
Системный номер авторитетной/нормативной записи 2639188
Идентификатор авторитетной / нормативной записи RU\NLR\AUTH\5508216
607 ## - ГЕОГРАФИЧЕСКОЕ НАИМЕНОВАНИЕ КАК ПРЕДМЕТ
Географическое наименование Кемский район (Карелия)
Формальный подзаголовок Карты
Тематический подзаголовок Геология
Системный номер авторитетной/нормативной записи 904316
Идентификатор авторитетной/нормативной записи RU\NLR\AUTH\66329237
608 ## - ФОРМА, ЖАНР, ФИЗИЧЕСКИЕ ХАРАКТЕРИСТИКИ ДОКУМЕНТА КАК ТОЧКА ДОСТУПА
Начальный элемент ввода Геоботанические карты
Системный номер авторитетной/нормативной записи 1411259
Идентификатор авторитетной/нормативной записи RU\NLR\AUTH\66282994
852 ## - МЕСТОНАХОЖДЕНИЕ И ШИФР ХРАНЕНИЯ
Идентификатор организации NLR
Наименование фонда или коллекции (Sub-Location Identifier) К
Шифр хранения (Call Number) 4-Сев 4/58
Идентификатор единицы 2394
942 ## - ДОПОЛНИТЕЛЬНЫЕ ЭЛЕМЕНТЫ ЗАПИСИ (АБИС)
Тип экземпляра АБИС Карта
980 ## - КОЛЛЕКЦИЯ
Название коллекции Национальная библиография

Нет доступных экземпляров.